| 000 | 00613nam a2200205Ia 4500 | ||
|---|---|---|---|
| 008 | 140429s9999 xx 000 0 und d | ||
| 020 | _a9780071316736 | ||
| 050 |
_aQR 41.2 _b.T141 2012 |
||
| 100 | _aTalaro, Kathleen P. | ||
| 245 |
_aFoundations in microbiology / _cKathleen Park Talaro and Barry Chess. |
||
| 250 | _a8th ed. | ||
| 260 |
_aNew York : _bMcGraw-Hill, _cc2012. |
||
| 300 |
_a828 p. : _bcol. ill. ; _c28 cm. |
||
| 500 | _aIncludes bibliographical references and index. | ||
| 521 | _aGE | ||
| 650 | _aMedical microbiology. | ||
| 650 | _aMicrobiology. | ||
| 942 |
_kFOR _cBK |
||
| 999 |
_c115611 _d115611 |
||